Teaching writen English

保存先:
書誌詳細
フォーマット: 図書
出版事項: 1980
タグ: タグ追加
タグなし, このレコードへの初めてのタグを付けませんか!
Thư viện lưu trữ: Mạng thư viện Đại học Đà Nẵng
LEADER 00437nam a22001811a 4500
001 000038043
003 14338
005 20160412021216.0
008 160412s1980 000
082 |a 4A(07)1578-79 
245 |a Teaching writen English  |c Ronald V. White 
260 |c 1980 
OWN |a LNN 
999 |a From the UDN01 
TYP |a Monograph 
980 |a Mạng thư viện Đại học Đà Nẵng